Problem solving with computers / (Record no. 174829)
[ view plain ]
| 000 -LEADER | |
|---|---|
| fixed length control field | 01379 a2200205 4500 |
| 003 - CONTROL NUMBER IDENTIFIER | |
| control field | Nust |
| 005 - DATE AND TIME OF LATEST TRANSACTION | |
| control field | 20220803111858.0 |
| 010 ## - LIBRARY OF CONGRESS CONTROL NUMBER | |
| LC control number | 96021035 |
| 020 ## - INTERNATIONAL STANDARD BOOK NUMBER | |
| International Standard Book Number | 0867204958 |
| 040 ## - CATALOGING SOURCE | |
| Transcribing agency | Nust |
| 082 00 - DEWEY DECIMAL CLASSIFICATION NUMBER | |
| Classification number | 005,SCR |
| 100 1# - MAIN ENTRY--PERSONAL NAME | |
| Personal name | Scragg, Greg W. |
| 9 (RLIN) | 96391 |
| 245 10 - TITLE STATEMENT | |
| Title | Problem solving with computers / |
| Statement of responsibility, etc. | Greg W. Scragg. |
| 260 ## - PUBLICATION, DISTRIBUTION, ETC. | |
| Place of publication, distribution, etc. | Sudbury, Mass. : |
| Name of publisher, distributor, etc. | Jones and Bartlett Publishers, |
| Date of publication, distribution, etc. | c1997. |
| 300 ## - PHYSICAL DESCRIPTION | |
| Extent | xxxiv, 476 p. : |
| Other physical details | ill. (some col.) ; |
| Dimensions | 24 cm. |
| 505 ## - FORMATTED CONTENTS NOTE | |
| Formatted contents note | Introduction (Page1), Using Tools: Word Processors (Page-9), Tools and Computer Science (Page-23), Documents as Objects (Page-39), Sharing and Communicating Information (Page-55), Representing Information (Page-71).Hierarchical Organization of Information (Page-91), Models, Visualization and Pictures (Page-111), Relations, Tables, and Databases (Page-129), Functions and Calculated Values (Page-147),Functions and Relations as problem-Solving Tools (Page-167), Algorithms (Page-183).Generalizing Problem Solutions (Page-201), Programming in Applications (Page-217), Dealing with Errors (Page-235), Iteration: Replicated Structures (Page-253),_Replicated Algorithms (Page-271), Conditional Actions (Page-289), Applied Logic (Page-307), Abstraction, Abbreviation, and Macros (Page-327)_ |
| 650 #0 - SUBJECT ADDED ENTRY--TOPICAL TERM | |
| Topical term or geographic name entry element | Electronic data processing. |
| 650 #0 - SUBJECT ADDED ENTRY--TOPICAL TERM | |
| Topical term or geographic name entry element | Problem solving |
| General subdivision | Data processing. |
| 9 (RLIN) | 36486 |
| 942 ## - ADDED ENTRY ELEMENTS (KOHA) | |
| Koha item type | Book |
| Source of classification or shelving scheme | |
| Call number prefix | 005,SCR |
| Withdrawn status | Lost status | Source of classification or shelving scheme | Damaged status | Not for loan | Permanent Location | Current Location | Shelving location | Date acquired | Full call number | Barcode | Date last seen | Price effective from | Koha item type | Public note |
|---|---|---|---|---|---|---|---|---|---|---|---|---|---|---|
| Military College of Signals (MCS) | Military College of Signals (MCS) | General Stacks | 12/12/2016 | 005,SCR | MCS26765 | 12/08/2016 | 12/12/2016 | Book | Almirah No.4, Shelf No.2 |
